000 00512nam a2200193Ia 4500
005 20260429112217.0
008 260429s9999||||xx |||||||||||||| ||und||
020 _a9789392333545
041 _aEnglish
082 _a025.042
_bKUM
100 _aKumar, Devendra
245 0 _aDigital libraries and resources /
_cDevendra Kumar
250 _a1st ed.
260 _aNew Delhi :
_bParadise Press,
_c2023.
300 _ax, 278 p.; hb
650 _a Digital libraries
650 _aLibrary science
942 _cTB
999 _c52913
_d52913